Racer

Detalles Bibliográficos
Formato: Electrónico Seriadas
Lenguaje:inglés
Publicado: Tustin, Calif. : Racer Communications, c1992-
Materias:
Acceso en línea:Full text available from Research Library: 10/01/2009 to 09/30/2012

MARC

LEADER 00000nas a22000007a 4500
001 ssj0000465212
003 WaSeSS
005 20200512172242.0
006 m d
007 cr n
008 920708c19929999caumr s 0 a0eng
010 |a sf 92095841  
015 |a GBA539290  |2 bnb 
016 7 |a 013192572  |2 Uk 
022 |l 1066-6060  |y 1066-6060 
035 |a (WaSeSS)ssj0000465212 
037 |b Racer Communications, 1371 E. Warner Avenue, Suite E, Tustin, CA 92680 
040 |a DLC  |b eng  |c DLC  |d NSD  |d DLC  |d OCLCQ  |d G8V  |d U9S  |d OCLCQ  |d UKMGB  |d OCLCO  |d OCLCF  |d OCLCO  |d WaSeSS 
042 |a pcc  |a nsdp 
050 4 |a GV1029R33 
082 1 0 |a 796  |2 12 
130 0 |a Racer (Tustin, Calif.) 
210 0 |a Racer  |b (Tustin Calif.) 
222 0 |a Racer  |b (Tustin, Calif.) 
245 1 0 |a Racer  |h [electronic resource]. 
260 |a Tustin, Calif. :  |b Racer Communications,  |c c1992- 
310 |a Monthly 
362 0 |a Vol. 1, no. 1 (May 1992- ). 
500 |a Title from cover. 
506 |a License restrictions may limit access. 
650 0 |a Automobile racing  |v Periodicals. 
650 6 |a Courses automobiles. 
650 7 |a Automobile racing.  |2 fast  |0 (OCoLC)fst00823132 
655 0 |a Electronic journals. 
770 0 |t Racer's official FedEx Championship Series guide  |w (DLC)sf 99040001  |w (OCoLC)41089334 
850 |a DLC 
856 4 0 |z Full text available from Research Library: 10/01/2009 to 09/30/2012  |u https://search.proquest.com/publication/54927